Autour de la démographie - Statistiques

Statistiques générales
  • Ce quiz a été pris 122 fois
  • Le résultat moyen est 14 sur 15
Statistiques - réponses
Citer... Réponse % Correct
un des deux continents ayant le taux de natalité le plus élevé Afrique | Océanie
100%
un des deux continents ayant le taux de natalité le plus bas Amérique | Europe
100%
Le 2e continent le plus peuplé Afrique
95%
un continent ayant un taux de natalité supérieur à la moyenne mondiale Afrique
95%
l'un des deux continents ayant la mortalité infantile la plus élevée Afrique | Asie
95%
l'un des continents sur lesquels les femmes ont plus de 2 enfants Afrique | Océanie
95%
le continent ayant la mortalité infantile la plus basse Europe
95%
un des trois continents ayant l'espérance de vie la plus élevée Océanie | Europe | Amérique
95%
le continent ayant l'espérance de vie la plus basse Afrique
94%
un continent dont la population est supérieure à 500000 personnes Afrique | Amérique | Asie | Europe
94%
un continent ayant un taux de croissance inférieur à la moyenne mondiale Amérique | Asie | Europe
94%
un continent ayant un taux de mortalité infantile inférieur à la moyenne mondiale Amérique | Asie | Europe | Océanie
94%
le continent ayant le taux de mortalité le plus bas Océanie
94%
le continent ayant le plus fort taux de mortalité Europe
93%
un continent ayant un taux de mortalité supérieur à la moyenne mondiale Europe
93%
Aucun quiz correspondant
Distribution des résultats
% des personnes avec chaque résultat
Percentile par nombre de réponses
Votre historique - résultats
Vous n’avez pas pris ce quiz